Statistics for All NHL nationalities

Click here to take the quiz!

General Stats

  • This quiz has been taken 93 times
  • The average score is 24 of 31

Answer Stats

Number of playersCountry% Correct
5200+Canada
100%
210+Finland
100%
340+Sweden
100%
1270+USA
100%
30+Germany
99%
240+Russia
98%
8Norway
93%
10+France
91%
30+Switzerland
91%
230+Czechia
90%
80+Slovakia
90%
1Japan
88%
40UK
88%
10+Denmark
86%
10+Austria
84%
8Ukraine
84%
10+Italy
83%
20+Latvia
80%
1Australia
72%
4Poland
72%
10+Belarus
70%
1Lithuania
70%
10Kazakhstan
66%
4Netherlands
66%
3Slovenia
66%
1Hungary
59%
2Croatia
56%
2South Korea
56%
1Ireland
50%
1Jamaica
16%
1Lebanon
5%

Score Distribution

Percentile by Number Answered

Percent of People with Each Score

Your Score History

You have not taken this quiz